00335nam a2200121Ia 4500008004100000041000800041082000800049100002500057245007800082260003200160300000800192520001300200221007s9999 xx 000 0 und d aeng bPAW aPawar K K (2K41033) aStudy of Distribution Channel of Shri Chatrapati Sahakari Sakhar Karkhana c2006bPune UniversityaPune a40p aDhotre M